000
00300nam a22001217a 4500
005
20250910092934.0
008
250910b |||||||| |||| 00| 0 eng d
100
_a
MILLS DICK
245
_a
THE SPIRIT-FILLED BELIEVER'S
260
_a
TULSA
_b
HARRISON HOUSE
_c
c1995
300
_a
366p
942
_2
lcc
_c
BK
_n
0
999
_c
7498
_d
7498